| 000 | 00685nam a2200217Ia 4500 | ||
|---|---|---|---|
| 001 | 1481 | ||
| 003 | GE_BSU | ||
| 008 | 181216s||||||||xx |||||||||||||| ||und|| | ||
| 040 | _cGE_BSU | ||
| 080 | _a635.9(479.223) | ||
| 100 | _aШарашидзе,Н.М. Багратишвили,Н.С. | ||
| 245 | _aБатумский ботанический сад | ||
| 245 | _bАкадемии наук Грузинской ССР(Исторический очерк) | ||
| 260 | _aБатуми | ||
| 260 | _bСабчота Аджара | ||
| 260 | _c1988 | ||
| 300 | _a77стр. 19см. | ||
| 541 | _h3л. | ||
| 653 | _aБатумский ботанический сад | ||
| 942 | _cBK | ||
| 999 |
_c35615 _d35615 |
||